书目信息 |
| 题名: |
言语幽默语用策略研究
|
|
| 作者: | 方传余 著 | |
| 分册: | ||
| 出版信息: | 合肥 安徽大学出版社 2010.12 |
|
| 页数: | 212页 | |
| 开本: | 23cm | |
| 丛书名: | ||
| 单 册: | ||
| 中图分类: | H019 | |
| 科图分类: | ||
| 主题词: | 幽默 (美学)--you mo(mei xue)--语言艺术--研究--英文 | |
| 电子资源: | ||
| ISBN: | 978-7-81110-864-4 | |
| 000 | 00913nam0 2200253 450 | |
| 001 | 012011999812 | |
| 005 | 20111117160734.73 | |
| 010 | @a978-7-81110-864-4@dCNY27.90 | |
| 100 | @a20111117d2010 em y0chiy0120 ea | |
| 101 | 0 | @aeng |
| 102 | @aCN@b340000 | |
| 105 | @ay a 000yy | |
| 106 | @ar | |
| 200 | 1 | @a言语幽默语用策略研究@Ayan yu you mo yu yong ce lue yan jiu@d= A study of verbal humor as a pragmatic strategy@f方传余著@Ffang chuan yu zhu@zeng |
| 210 | @a合肥@c安徽大学出版社@d2010.12 | |
| 215 | @a212页@d23cm | |
| 320 | @a有书目 (第198-212页) | |
| 330 | @a本书从语用视角去研究“幽默”这一语言现象,本研究讲幽默语置于动态的交际过程。 | |
| 510 | 1 | @aStudy of verbal humor as a pragmatic strategy@zeng |
| 606 | 0 | @a幽默 (美学)@Ayou mo(mei xue)@x语言艺术@x研究@x英文 |
| 690 | @aH019@v4 | |
| 701 | 0 | @a方传余@Afang chuan yu@4著 |
| 801 | 0 | @aCN@bQSSK@c20111117 |
| 905 | @b795318-20@dH019@eF188@f3 | |
| 言语幽默语用策略研究= A study of verbal humor as a pragmatic strategy/方传余著.-合肥:安徽大学出版社,2010.12 |
| 212页;23cm |
| ISBN 978-7-81110-864-4:CNY27.90 |
| 本书从语用视角去研究“幽默”这一语言现象,本研究讲幽默语置于动态的交际过程。 |
| ● |
| 相关链接 |
|
|
|
正题名:言语幽默语用策略研究
索取号:H019/F188
 
预约/预借
| 序号 | 登录号 | 条形码 | 馆藏地/架位号 | 状态 | 备注 |
| 1 | 795318 | 207953188 | 语言库209/209语言库 63排1列3层/ [索取号:H019/F188] | 在馆 | |
| 2 | 795319 | 207953197 | 语言库209/209语言库 63排1列3层/ [索取号:H019/F188] | 在馆 | |
| 3 | 795320 | 207953204 | 语言库209/209语言库 63排1列3层/ [索取号:H019/F188] | 在馆 |